Detalles MARC
| 000 -LEADER |
| fixed length control field |
01151nam a2200325 a 4500 |
| 001 - CONTROL NUMBER |
| control field |
000048023 |
| 003 - CONTROL NUMBER IDENTIFIER |
| control field |
OSt |
| 005 - DATE AND TIME OF LATEST TRANSACTION |
| control field |
20221124093400.0 |
| 008 - FIXED-LENGTH DATA ELEMENTS--GENERAL INFORMATION |
| fixed length control field |
181101s1975 dr 000 f spa d |
| 040 ## - CATALOGING SOURCE |
| Original cataloging agency |
BPMSU |
| Language of cataloging |
spa |
| Transcribing agency |
BPMSU |
| 082 ## - DEWEY DECIMAL CLASSIFICATION NUMBER |
| Classification number |
RD863.4 |
| Item number |
C422c 1975 |
| Edition number |
22 |
| 100 1# - MAIN ENTRY--PERSONAL NAME |
| Personal name |
Cestero, Tulio Manuel, |
| Dates associated with a name |
1877-1955. |
| 245 13 - TITLE STATEMENT |
| Title |
La ciudad romántica, Sangre solar / |
| Statement of responsibility, etc. |
Tulio M. Cestero |
| Remainder of title |
|
| 246 13 - VARYING FORM OF TITLE |
| Title proper/short title |
Ciudad romántica |
| 246 13 - VARYING FORM OF TITLE |
| Title proper/short title |
Sangre solar |
| Remainder of title |
|
| 250 ## - EDITION STATEMENT |
| Edition statement |
2a. ed. |
| 260 ## - PUBLICATION, DISTRIBUTION, ETC. (IMPRINT) |
| Place of publication, distribution, etc. |
Santo Domingo : |
| Name of publisher, distributor, etc. |
Editora de la UASD; |
| -- |
Editora Cultural Dominicana, |
| Date of publication, distribution, etc. |
1975 |
| 300 ## - PHYSICAL DESCRIPTION |
| Extent |
131 p. ; |
| Dimensions |
19 cm. |
| 490 0# - SERIES STATEMENT |
| Series statement |
Publicaciones de la Universidad de Santo Domingo; |
| -- |
Arte y literatura |
| Volume/sequential designation |
3 |
| Series statement |
|
| 500 ## - GENERAL NOTE |
| General note |
Incluye datos biográficos del autor en la contracubierta |
| 500 ## - GENERAL NOTE |
| General note |
Escena de Santo Domingo de Guzman, La primada |
| 563 ## - BINDING INFORMATION |
| Binding note |
Dos obras encuadernadas juntas con paginación continua |
| 590 ## - LOCAL NOTE (RLIN) |
| Local note |
Inventariado, 2022/VM |
| 650 #4 - SUBJECT ADDED ENTRY--TOPICAL TERM |
| Topical term or geographic name as entry element |
Novela histórica dominicana. |
| 650 #4 - SUBJECT ADDED ENTRY--TOPICAL TERM |
| Topical term or geographic name as entry element |
Literatura dominicana. |
| 710 2# - ADDED ENTRY--CORPORATE NAME |
| Corporate name or jurisdiction name as entry element |
Universidad Autónoma de Santo Domingo |
| 740 ## - ADDED ENTRY--UNCONTROLLED RELATED/ANALYTICAL TITLE |
| Uncontrolled related/analytical title |
Sangre solar |
| 910 ## - USER-OPTION DATA (OCLC) |
| User-option data |
VMateo V./Validado |
| 942 ## - ADDED ENTRY ELEMENTS (KOHA) |
| Source of classification or shelving scheme |
Dewey Decimal Classification |
| Koha item type |
Libros |